00760nam a2200193Ia 4500008004100000020001500041041001200056082001600068100002000084245004200104250000800146260002500154300000800179650001600187942000700203999001500210952017000225952017100395221030s9999 xx 000 0 und d a812030621X aEnglish a105.23bTan aA. S. Tanenbaum 0aComputer Networkscby A. S. Tanenbaum a2nd bPHIaNew Delhic1996 a650 aBE Computer cBK c6664d6664 pBE 2013g195.00l0o105.23 Tanr2024-06-13 00:00:00w2022-10-30yBK003Print4070aMIETLIBbMIETLIBcBL-Acdemic Block C, FL-2, CUP-29, SH-4, R-4d2000-09-2710HBE pBE 2014g195.00l0o105.23 Tanr2024-06-13 00:00:00w2022-10-30yBK003Print4070aMIETLIBbMIETLIBcBL-Academic Block B, FL-1, CUP-29, SH-5, R-5d2000-09-2710HBE